000 01728nam a2200505 i 4500
001 30339
003 KOSZ 005
005 20201006082728.0
008 970510s1993 pl a f |001 0 pol
015 _aUWD 1995/3545
020 _a8301110058
035 _a991000031279705066
035 _a(PL-WaBN)b10031510-48omnis_nlop
035 _ab10031510
035 _a(OCoLC)749917649
035 _a(PL)b0000001003151
035 _a(EXLNZ-48OMNIS_NETWORK)9910209993105606
040 _aWA N
_cWA N
_dKOSZ 005/EG
080 _a594
080 _a(438)
080 _a(28)
100 1 _aPiechocki, Andrzej
_d(1938- )
_eAutor
245 1 0 _aMięczaki (Mollusca), małże (Bivalvia) /
_cAndrzej Piechocki, Anna Dyduch-Falniowska ; Polskie Towarzystwo Hydrobiologiczne.
260 _aWarszawa :
_bWydaw. Naukowe PWN,
_c1993.
300 _a200 s. :
_bmapy, rys., wykr. ;
_c24 cm.
336 _aTekst
_btxt
_2rdacontent
337 _aBez urządzenia pośredniczącego
_bn
_2rdamedia
338 _aWolumin
_bnc
_2rdacarrier
380 _aKsiążki
388 _a1901-2000
388 _a1989-2000
490 1 _aFauna Słodkowodna Polski,
_x0071-4089 ;
_vz. 7 A
504 _aBibliogr. s. 186-195. - Indeksy.
650 7 _aMałże
_2DBN
650 7 _aSystematyka
_2DBN
650 7 _aZwierzęta słodkowodne
_2DBN
651 7 _aPolska
658 _aBiologia
700 1 _aDyduch-Falniowska, Anna
_eAutor
710 2 _aWydawnictwo Naukowe PWN
_4pbl
830 0 _aFauna Słodkowodna Polski - PWN
_vz. 7 A
856 _uhttp://koha.tu.koszalin.pl/cgi-bin/koha/opac-detail.pl?biblionumber=30339
_yKatalog online BPK
942 _2UKD
_cKS
999 _c30339
_d30339